Statistics for Name all of the Disney Channel Original Movies - update

Click here to take the quiz!

General Stats

  • This quiz has been taken 247 times
  • The average score is 17 of 102

Answer Stats

HintAnswer% Correct
2006High School Musical
82%
2007High School Musical 2
75%
2008Camp Rock
53%
1998Halloweentown
50%
2010Camp Rock 2
46%
2015Descendants
46%
2011Lemonade mouth
43%
2017Descendants 2
38%
2013Teen Beach movie
35%
2001Halloweentown 2
34%
2005Twitches
34%
1999Zenon
32%
2004Halloweentown high
27%
2007Jump in
27%
2010Starstruck
27%
2003The cheetah girls
27%
2009Princess Protection program
26%
1999Smart house
26%
2014Zapped
25%
1998Brink
23%
2006The cheetah girls 2
22%
2001The luck of the Irish
22%
1999the thirteenth year
21%
2007Twitches Too
20%
2014Cloud 9
19%
1999Johnny tsunami
19%
2002Cadet Kelly
18%
2011Geek charming
18%
2012Let it shine
18%
2012Radio rebel
18%
2006Read it and weep
18%
2006Wendy Wu: homecoming warrior
18%
2014How to build a better boy
17%
2008Minutemen
17%
2006Cow belles
16%
2003The even Stevens movie
16%
1997Under wraps
16%
2015Teen Beach 2
15%
2000Quints
14%
2006Return to halloweentown
14%
2004Stuck in the suburbs
14%
2001Zenon the zequel
14%
2009Dadnapped
13%
2012Frenemies
13%
2002Get a clue
13%
2012Girl vs monster
13%
2009Hatching Pete
13%
2004Pixel perfect
13%
2011The suite life movie
13%
2002Double teamed
12%
2003Eddies million dollar cook off
12%
2015Invisible sister
12%
1999Don't look under the bed
11%
1999Genius
11%
2001Motocrossed
11%
2000Phantom of the megaplex
11%
2000Rip girls
11%
2000Stepsister from planet weird
11%
2008The cheetah girls: one world
11%
2003You wish
11%
2004Zenon Z3
11%
2016Adventures in babysitting
10%
2010Avalon High
10%
2015Bad hair day
10%
2010Den brother
10%
1999Horse sense
10%
2007Johnny Kapahala
10%
2011Sharpays fabulous adventure
10%
2000The color of friendship
10%
2000Up up and away
10%
2002Gotta kick it up
9%
2001Jumping Ship
9%
2000Miracle in lane 2
9%
2000Moms got a date with a vampire
9%
2001The poof point
9%
2000The ultimate christmas present
9%
1999Can of worms
8%
2016The Swap
8%
1998You lucky dog
8%
2002The scream team
7%
2000Alley cats strike
6%
2002A ring of endless light
6%
2004Going to the mat
6%
2001Hounded
6%
2005Life is ruff
6%
2005Now you see it
6%
2000The other me
6%
2005The proud family movie
6%
2002Tru confessions
6%
2003Full court miracle
5%
2000Ready to run
5%
2001'Twas the night
5%
2001Jett Jackson the movie
4%
2003Right on track
4%
2001The Jennie project
4%
2009The Wizards of Waverly Place movie
4%
2004Tiger cruise
4%
2005Go figure
3%
2011Phineas and Ferb movie
3%
2005Buffalo dreams
2%
2011Good Luck Charlie movie
2%
2005Kim Possible Movie: So the drama
2%

Score Distribution

Percentile by Number Answered

Percent of People with Each Score

Your Score History

You have not taken this quiz